00800nam a2200193 a 4500003000200000005001700002008004100019050003400060100001800094245007800112260009200190300004600282504004100328650004100369650003300410650005600443650006100499650004600560020250312135156.0080728s19uu xx 00 eng d aPGS GV 1469.3.P53b.L477 2008 aLee, Min Gyu. aPlaying computer games and students' academic performance /cMin Gyu Lee. aLas Piñas City, Philippines : bSouthville International School and Colleges,c2008. a24 pages : billustrations ; c28 cm.  aIncludes bibliographical references. aVideo gamesvPsychological aspects.  aVideo gamesvSocial aspects. aAcademic achievementvInfluence of computer games.  aStudentsvEffect of video games on academic performance. aEducational psychologyvImpact of gaming.